[Event "Challenge"]
[Site "http://www.queenalice.com/game.php?id=135156"]
[Date "2006.11.30"]
[Round "-"]
[White "rica"]
[Black "paulorenter"]
[Result "0-1"]
[WhiteElo "1362"]
[BlackElo "1155"]

1. e4 e5 2. Nf3 Nc6 3. c4 Nf6 4. d3 Bc5 5. Be3 Bxe3 6. fxe3 d6 7. d4 Nxe4 8. Qe2
Bg4 9. h3 Ng3 10. hxg4 Nxe2 11. Bxe2 e4 12. Nfd2 Nb4 13. Na3 Qg5 14. Nf1 Qa5 15.
Rd1 Nc2+ 0-1

[Event "III Copa XEA"]
[Site "http://www.queenalice.com/game.php?id=548783"]
[Date "2009.3.1"]
[Round "1"]
[White "paulorenter"]
[Black "Gil"]
[Result "0-1"]
[WhiteElo "1357"]
[BlackElo "2288"]

1. e4 g6 2. Nf3 Bg7 3. d4 d6 4. Bc4 Nf6 5. Qe2 O-O 6. O-O Nc6 7. c3 e6 8. Bg5 h6
9. Bxf6 Qxf6 10. Nbd2 Re8 11. Rfe1 Bd7 12. e5 Qe7 13. d5 Nxe5 14. Nxe5 dxe5 15.
Nf3 exd5 16. Bxd5 c6 17. Bb3 Rad8 18. Nd2 Bf5 19. Ne4 Rd7 20. Qe3 b6 21. a3 Red8
22. Ng3 Bd3 23. Qf3 c5 24. Rad1 c4 25. Ba4 Rd6 26. Bb5 f5 27. b3 e4 28. Qe3 Bxc3
29. Bxc4+ Kh7 30. Rxd3 Rxd3 31. Bxd3 Rxd3 32. Qxd3 Bxe1 33. Qe2 Ba5 34. b4 Bxb4
35. axb4 Qxb4 36. Qa2 Qe7 37. Ne2 a5 38. Nf4 e3 39. f3 Qc7 40. Ne2 Qd6 41. Qf7+
Kh8 42. Qe8+ Kg7 43. Qxe3 a4 44. Nd4 a3 45. Nb3 a2 46. Qc1 Qb4 47. Qc7+ Kf6 48.
Qd8+ Ke6 49. Nd4+ Kf7 50. Qd5+ Kf8 51. Qd8+ Kf7 52. Qd7+ Qe7 53. Qd5+ Kg7 54.
Ne6+ Kf6 55. Qxa2 Qxe6 56. Qb2+ Kf7 57. Kf2 Qd6 58. h3 f4 59. Qb3+ Kf6 60. Kg1
Qc5+ 61. Kf1 b5 62. Qb2+ Qe5 63. Qb4 Kg5 64. Kg1 Kh4 65. Kh2 g5 66. Qf8 h5 67.
Qb4 g4 68. hxg4 hxg4 69. Kg1 Kg3 70. Qb1 Qd4+ 71. Kh1 Qh8+ 0-1

[Event "III Copa XEA"]
[Site "http://www.queenalice.com/game.php?id=595413"]
[Date "2009.5.29"]
[Round "2"]
[White "paulorenter"]
[Black "Smurf"]
[Result "0-1"]
[WhiteElo "1357"]
[BlackElo "1571"]

1. e4 e5 2. b3 Nf6 3. Bb2 Bc5 4. Bxe5 Nxe4 5. Nh3 d6 6. Bxg7 Rg8 7. d3 Bxh3 8.
dxe4 Rxg7 9. gxh3 Qh4 10. Qf3 Bd4 11. c3 Be5 12. Nd2 Nd7 13. O-O-O O-O-O 14. Nc4
Bf4+ 15. Kc2 Ne5 16. Nxe5 Bxe5 17. Qe3 b6 18. a4 Rf8 19. Qe2 f5 20. exf5 Rxf5
21. Qa6+ Kd7 22. Bb5+ Kd8 23. Qb7 Rxf2+ 24. Kb1 Qh6 25. Qb8+ Ke7 26. Qe8+ Kf6
27. Qe6+ Kxe6 0-1

[Event "VI-E-1-1-R3-J1"]
[Site "http://www.queenalice.com/game.php?id=678281"]
[Date "2009.11.5"]
[Round "-"]
[White "paulorenter"]
[Black "kalabric"]
[Result "0-1"]
[WhiteElo "1320"]
[BlackElo "1867"]

1. e4 e5 2. Nf3 Nc6 3. c3 Nf6 4. d4 Nxe4 5. d5 Na5 6. b4 Nc6 7. dxc6 Qf6 8.
cxd7+ Bxd7 9. Bd3 Nd6 10. Bg5 Qe6 11. O-O h6 12. Bh4 f5 13. Nxe5 g5 14. Qh5+ Kd8
15. Bxg5+ Be7 16. Bxe7+ Qxe7 17. Ng6 Qf7 18. Qh4+ Kc8 19. Nxh8 Qg7 20. Qd4 Qg8
21. Nd2 Nb5 22. Qf6 Bc6 23. Bxf5+ Kb8 24. a4 Qxg2# 0-1

[Event "VI TORNEIO-XEA-Round R2-J2"]
[Site "http://www.queenalice.com/game.php?id=679934"]
[Date "2009.11.8"]
[Round "-"]
[White "Sheik3333"]
[Black "paulorenter"]
[Result "1-0"]
[WhiteElo "1951"]
[BlackElo "1417"]

1. e4 e5 2. Nf3 Qe7 3. Nc3 c6 4. Bc4 g6 5. d3 a5 6. Ng5 Nh6 7. Qf3 d5 8. exd5
Bg4 9. Qe4 b5 10. d6 Qd7 11. Qxe5+ Be6 12. Bxe6 fxe6 13. Qxe6+ Qxe6+ 14. Nxe6
Nf5 15. Nc7+ Kd7 16. Nxa8 Bxd6 17. O-O Na6 18. Nb6+ Kc7 19. Ncd5+ cxd5 20. Nxd5+
Kc6 21. Nc3 Nd4 22. Bg5 Rf8 23. Rac1 b4 24. Be3 Be5 25. Bxd4 Bxd4 26. Na4 Kb5
27. b3 Rc8 28. Rfe1 Nc5 29. Nxc5 Rxc5 30. Re2 Bb2 31. Rd1 a4 32. Rb1 Be5 33. Rc1
h5 34. g3 h4 35. Rce1 Bc3 36. Rc1 Rg5 37. f4 Rf5 38. Kg2 g5 39. Re4 gxf4 40.
Rxf4 1-0

[Event "VI-1-2-E-RoundR4-J3"]
[Site "http://www.queenalice.com/game.php?id=685224"]
[Date "2009.11.18"]
[Round "-"]
[White "paulorenter"]
[Black "ebelote"]
[Result "1-0"]
[WhiteElo "1417"]
[BlackElo "1574"]

1. e4 e5 2. Nf3 Nc6 3. a3 Bc5 4. b4 Bb6 5. b5 Nd4 6. Nxe5 d6 7. Nc4 Nf6 8. c3
Ne6 9. e5 dxe5 10. Nxe5 O-O 11. d4 h6 12. a4 Ne4 13. Qc2 N6g5 14. a5 Bxd4 15.
cxd4 Qxd4 16. Bb2 Qb4+ 17. Nc3 Nxc3 18. Qxc3 Qxc3+ 19. Bxc3 Bf5 20. Bc4 Ne4 21.
Bb4 Nd6 22. Bd5 Rfe8 23. f4 Be6 24. Bxe6 Rxe6 25. O-O Nxb5 26. Rad1 f6 27. Ng6
f5 28. Ne7+ Kh8 29. Nxf5 Rae8 30. Rd7 Rg6 31. Ne7 Re6 32. f5 Re4 33. Nd5 Rd4 34.
Bc5 Rd2 35. Nf6 Rxd7 36. Nxd7 b6 37. axb6 axb6 38. Bb4 Nd4 39. f6 Ne2+ 40. Kh1
gxf6 41. Rxf6 Kg7 42. Bf8+ Kh7 43. Rf2 Nf4 44. Nf6+ Kg6 45. Nxe8 1-0

[Event "VI-E-1-1-R8-J1"]
[Site "http://www.queenalice.com/game.php?id=695897"]
[Date "2009.12.10"]
[Round "-"]
[White "kalabric"]
[Black "paulorenter"]
[Result "1-0"]
[WhiteElo "1849"]
[BlackElo "1472"]

1. e4 e5 2. Nf3 Qe7 3. Nc3 c6 4. Bc4 a5 5. a4 g6 6. O-O Bg7 7. Re1 d6 8. d4 Nd7
9. d5 Nb6 10. Bb3 Nf6 11. Be3 c5 12. Nb5 Nxe4 13. Nd2 Nf6 14. Bg5 Qd7 15. Qf3
Qe7 16. Ne4 Bf5 17. Nexd6+ Kf8 18. Nxf5 gxf5 19. Qxf5 Re8 20. Rad1 c4 21. d6 Qd7
22. Qxd7 Nbxd7 23. Bxc4 e4 24. b3 Re5 25. Bxf6 Bxf6 26. Bd5 Nc5 27. Nc3 e3 28.
fxe3 Rg8 29. Bf3 Rf5 30. Ne4 Bd8 31. Kh1 Nxe4 32. Bxe4 Rc5 33. Bxh7 Rg7 34. Bd3
Ke8 35. Bb5+ Kf8 36. Bc4 f6 37. Rd5 Bb6 38. e4 Rg4 39. Rxc5 Bxc5 40. d7 Ke7 41.
Rd1 Kd8 42. Bb5 Rxe4 43. h3 Re2 44. h4 Rxc2 45. Re1 Be7 46. h5 Rc5 47. g4 f5 48.
h6 fxg4 49. Kg2 Rh5 50. Rh1 Bh4 51. Rc1 Ke7 52. Rc8 Kd6 53. d8=Q+ Bxd8 54. Rxd8+
Ke7 55. Rh8 Kf6 56. Kg3 Kg5 57. h7 Rh3+ 58. Kg2 Kg6 59. Bc4 Kg7 60. Rg8+ Kxh7
61. Rxg4 Rh6 62. Kf3 Rd6 63. Ke4 Kh6 64. Ke5 Rd2 65. Rd4 Rg2 66. Kd6 Rg6+ 67.
Kc7 Rg7+ 68. Rd7 Rg5 69. Kxb7 Kg6 70. Rd5 1-0

[Event "TORNEIO VI-1-1-E-R7-J3"]
[Site "http://www.queenalice.com/game.php?id=717500"]
[Date "2010.1.21"]
[Round "-"]
[White "paulorenter"]
[Black "Sheik3333"]
[Result "0-1"]
[WhiteElo "1472"]
[BlackElo "1934"]

1. e4 e5 2. Nc3 Nf6 3. Be2 d6 4. d3 Nc6 5. Nf3 Bg4 6. O-O Be7 7. Bg5 h6 8. Bxf6
Bxf6 9. Nd5 Bxf3 10. Bxf3 Bg5 11. c3 Ne7 12. Qb3 b6 13. Qa4+ Kf8 14. Qc6 Nxc6
0-1

[Event "Challenge"]
[Site "http://www.queenalice.com/game.php?id=723974"]
[Date "2010.2.1"]
[Round "-"]
[White "fernandobozons"]
[Black "paulorenter"]
[Result "1-0"]
[WhiteElo "1514"]
[BlackElo "1470"]

1. e4 e5 2. Nf3 Qe7 3. Nc3 c6 4. Bc4 a5 5. d3 b5 6. Bxb5 cxb5 7. Nxb5 Na6 8. Bg5
Nf6 9. Nd2 g6 10. Qf3 Bg7 11. Nc3 Nb4 12. O-O Nxc2 13. Rac1 Nd4 14. Qg3 Ne2+ 15.
Nxe2 O-O 16. Nc3 Qb4 17. Nc4 d5 18. Nxe5 d4 19. Bxf6 Bxf6 20. Nd5 Bxe5 21. Qxe5
f6 22. Nxf6+ Rxf6 23. Qxf6 Bg4 24. Rc7 Qf8 25. Qh4 h5 26. Qg5 Qd6 27. Rfc1 Bd7
28. e5 Qe6 29. f4 Rf8 30. Rf1 Qf5 31. Qe7 Rf7 32. Qd8+ Kh7 33. Qg5 Qxd3 34. f5
Be8 35. fxg6+ Qxg6 36. Qxg6+ Kxg6 37. Rcxf7 Bxf7 38. Rd1 Bxa2 39. Rxd4 Kf5 40.
Ra4 Bf7 41. Rxa5 Ke4 42. b4 Bd5 43. Rxd5 Kxd5 44. b5 Kxe5 45. Kf2 Kd5 46. Kg3
1-0

[Event "VI-E-2-B-R9-J2"]
[Site "http://www.queenalice.com/game.php?id=773644"]
[Date "2010.5.10"]
[Round "-"]
[White "paulorenter"]
[Black "oentusiasta"]
[Result "1-0"]
[WhiteElo "1469"]
[BlackElo "1753"]

1. e4 c5 2. Nc3 a6 3. d4 d6 4. d5 e5 5. Nf3 Bg4 6. h3 Bxf3 7. Qxf3 Nf6 8. Bd3
Be7 9. Bg5 Nbd7 10. a4 O-O 11. O-O h6 12. Bh4 Qb6 13. Rfb1 Qd8 14. a5 Nh7 15.
Bxe7 Qxe7 16. b4 Ng5 17. Qh5 Nf6 18. Qe2 Qc7 19. b5 g6 20. bxa6 bxa6 21. Rb6 Nh5
22. Rc6 Qd7 23. Bxa6 Nxh3+ 24. Kh2 N5f4 25. Qd2 Qg4 26. Bf1 Ng5 27. Qe3 h5 28.
Qg3 Qxg3+ 29. fxg3 Nfe6 30. dxe6 fxe6 31. a6 Rf2 32. Bd3 Kg7 33. Rb1 Nf3+ 34.
Kh1 Nd2 35. Rb7+ Kh6 36. Rxd6 Kg5 37. Rxe6 h4 38. gxh4+ Kxh4 39. Rh7+ Kg5 40. a7
Rf6 41. Rxe5+ Kf4 42. Rxc5 Ke3 43. Nd5+ Kd4 44. Rb5 Ra6 45. Rb4+ 1-0

[Event "VI-E-2-B-R10-J2 rxk"]
[Site "http://www.queenalice.com/game.php?id=774804"]
[Date "2010.5.13"]
[Round "-"]
[White "rxk"]
[Black "paulorenter"]
[Result "1-0"]
[WhiteElo "1848"]
[BlackElo "1443"]

1. d4 c6 2. c4 e6 3. Nc3 Bb4 4. Nf3 d5 5. e3 Nf6 6. Bd3 dxc4 7. Bxc4 Nd5 8. O-O
Nxc3 9. bxc3 Bxc3 10. Rb1 O-O 11. Qd3 Ba5 12. Bb3 b6 13. Bc2 f5 14. Ne5 Ba6 15.
Qb3 Bxf1 16. Qxe6+ Kh8 17. Nf7+ Rxf7 18. Qxf7 Ba6 19. Qxf5 Qg8 20. e4 Bc8 21.
Qh5 Nd7 22. e5 Nf8 23. Rb3 g6 24. Qh4 Be6 25. Bg5 Qf7 26. Bf6+ Kg8 27. Rg3 Bxa2
28. f4 Be1 29. f5 Bxg3 30. Qxg3 c5 31. fxg6 Nxg6 32. h4 Qc4 33. Bxg6 Kf8 34.
Bxh7 Qxd4+ 35. Kh2 Qd7 36. Qf3 Rb8 37. Qh5 Rb7 38. Qh6+ Kf7 39. Bg6+ Ke6 40. Qg5
Qa4 41. Bf5+ Kd5 42. Qg8+ Rf7 43. Qxf7+ Kd4 44. e6+ Ke3 45. Bg5+ Ke2 46. Qh5+
Ke1 47. e7 1-0

[Event "III Copa XEA"]
[Site "http://www.queenalice.com/game.php?id=796641"]
[Date "2010.6.29"]
[Round "4"]
[White "kalabric"]
[Black "paulorenter"]
[Result "1-0"]
[WhiteElo "1805"]
[BlackElo "1474"]

1. e4 e5 2. Nf3 d6 3. Nc3 c6 4. Bc4 g6 5. d3 Bg7 6. Ng5 Nh6 7. O-O O-O 8. h3 a5
9. a4 Na6 10. Bd2 Nc5 11. Qc1 Kh8 12. Nf3 Ng8 13. Be3 Ne6 14. g3 h6 15. Kg2 Qf6
16. Rh1 g5 17. h4 Nd4 18. Nxg5 Be6 19. Bxd4 exd4 20. Ne2 d5 21. exd5 cxd5 22.
Bb3 h5 23. Nf4 Qf5 24. Nxh5 Bh6 25. Qd1 Nf6 26. Nxf6 Qxf6 27. Qf3 Qe5 28. Rae1
Qd6 29. Qf4 Qxf4 30. gxf4 Rg8 31. Kf3 Rg6 32. Reg1 Rag8 33. Rg3 Rf6 34. Rhg1 Rf5
35. Rg4 Rf6 36. Nxe6 Rxg4 37. Rxg4 fxe6 38. c4 e5 39. cxd5 Bxf4 40. Ke4 Bh2 41.
Rg2 Rf4+ 42. Kxe5 Rxf2+ 43. Rxh2 Rxh2 44. Kxd4 Rxb2 45. d6 Rf2 46. d7 Rf8 47.
Ke5 1-0

[Event "Challenge"]
[Site "http://www.queenalice.com/game.php?id=810114"]
[Date "2010.7.28"]
[Round "-"]
[White "adriana_paixao"]
[Black "paulorenter"]
[Result "0-1"]
[WhiteElo "1503"]
[BlackElo "1443"]

1. e4 e5 2. Qf3 g6 3. Bc4 Nf6 4. Nc3 c6 5. Nh3 Bg7 6. Ng5 d5 7. exd5 Bg4 8. Qe3
O-O 9. dxc6 Nxc6 10. h3 Nd4 11. Bd3 e4 12. Ncxe4 Nxe4 13. Nxe4 Be2 14. Bxe2
Nxc2+ 15. Kf1 Nxe3+ 16. dxe3 f5 17. f4 fxe4 18. Bc4+ Kh8 19. Kf2 Bd4 20. Rd1
Rxf4+ 21. Ke2 Qg5 22. Rxd4 Qxg2+ 23. Ke1 Qg1+ 24. Kd2 Rf2+ 25. Be2 Qf1 0-1

[Event "Challenge"]
[Site "http://www.queenalice.com/game.php?id=812461"]
[Date "2010.8.2"]
[Round "-"]
[White "paulorenter"]
[Black "Murakami"]
[Result "0-1"]
[WhiteElo "1601"]
[BlackElo "1598"]

1. e4 e6 2. Nf3 d5 3. exd5 Nf6 4. Bb5+ Bd7 5. Bxd7+ Qxd7 6. c4 Bc5 7. Ne5 Qe7 8.
Qa4+ Nbd7 9. O-O O-O 10. Nd3 exd5 11. cxd5 Rfe8 12. Nc3 a6 13. g3 b5 14. Qb3 Ne5
15. Ne1 Neg4 16. d4 Bxd4 17. Nd1 Rad8 18. Be3 Bxe3 19. fxe3 Nxe3 20. d6 Rxd6 21.
Nxe3 Qxe3+ 22. Qxe3 Rxe3 23. Nc2 Re2 24. Rf2 Rdd2 25. Rxe2 Rxe2 26. Rc1 c5 27.
b3 Kf8 28. a3 Ke7 29. Ne1 Nd7 30. Nd3 Kd6 31. Rd1 Kc6 32. h4 f6 33. Nf4 Re3 34.
Rd3 Rxd3 35. Nxd3 c4 36. Nb4+ Kb6 37. Nd5+ Kc5 38. bxc4 Kxc4 39. Nb4 a5 40. Nc6
a4 41. Kf2 Kb3 42. Nd4+ Kc4 43. Ke3 Nc5 44. Nf5 b4 45. axb4 Kxb4 46. Nd4 Nb3 47.
Nc2+ Kc3 48. Na3 Na5 49. Ke2 Nc4 50. Nb5+ Kb4 51. Nd4 a3 52. Kd1 a2 53. Kc2 a1=Q
0-1

[Event "vai um joguinho ai?"]
[Site "http://www.queenalice.com/game.php?id=821082"]
[Date "2010.8.21"]
[Round "-"]
[White "charles31"]
[Black "paulorenter"]
[Result "0-1"]
[WhiteElo "1621"]
[BlackElo "1510"]

1. e4 e5 2. Nf3 Qe7 3. Nc3 c6 4. d4 d6 5. dxe5 dxe5 6. Be3 g6 7. Bc4 Bg7 8. Ng5
Nh6 9. Qf3 Bf6 10. Qg3 O-O 11. h4 Ng4 12. O-O-O Nh6 13. f3 a5 14. a3 Na6 15.
Nxf7 Nxf7 16. Qf2 b5 17. Ba2 Be6 18. Bxe6 Qxe6 19. h5 g5 20. g3 b4 21. Na4 Rfd8
22. Rxd8+ Rxd8 23. Bb6 Qa2 24. Bxd8 Nxd8 25. Rd1 g4 26. c4 Bg5+ 27. Kc2 bxa3 28.
f4 Nb4+ 29. Kc3 exf4 30. gxf4 axb2 31. Nxb2 Be7 32. Rd7 Qa3+ 33. Kd4 Bc5+ 34.
Kxc5 Nd3+ 35. Kb6 Nxf2 36. Rxd8+ Kf7 37. Rd2 Qb4+ 38. Kxc6 Qxd2 39. Na4 Nxe4 40.
Nb6 Qd6+ 41. Kb7 Nc5+ 0-1

[Event "Let's Play Chess!"]
[Site "http://www.queenalice.com/game.php?id=821083"]
[Date "2010.8.21"]
[Round "-"]
[White "rodriw02"]
[Black "paulorenter"]
[Result "0-1"]
[WhiteElo "1554"]
[BlackElo "1538"]

1. e4 e5 2. Nf3 Qe7 3. d3 g6 4. Ng5 Bg7 5. b3 d5 6. Qf3 Nf6 7. Ba3 c5 8. exd5 e4
9. dxe4 Nxe4 10. d6 Nxg5+ 11. Qe3 Qxe3+ 12. fxe3 Bxa1 13. Bb5+ Bd7 14. Bc4 b5
15. Bd5 Nc6 16. Bxc5 Be5 17. h4 Bg3+ 18. Kd1 Ne6 19. Ba3 b4 20. Bb2 O-O 21. h5
Bxd6 22. g4 Nc7 23. Be4 Bxg4+ 24. Kd2 Bd7 25. h6 f5 26. Bd3 Ne5 27. Bc4+ Nxc4+
28. bxc4 Bc6 29. c3 Bxh1 30. cxb4 Bxb4+ 31. Kc1 Rad8 32. a3 Be1 33. Nc3 Bd2+ 34.
Kc2 Bxe3 35. Nd1 Rd2+ 36. Kc1 Bxh6 37. a4 Rb8 38. Bc3 Rc2+ 39. Kxc2 Be4# 0-1

[Event "Challenge"]
[Site "http://www.queenalice.com/game.php?id=826211"]
[Date "2010.9.1"]
[Round "-"]
[White "paulorenter"]
[Black "charles31"]
[Result "1-0"]
[WhiteElo "1560"]
[BlackElo "1680"]

1. c4 e5 2. Nc3 Nf6 3. e4 a6 4. g3 Bc5 5. Bg2 d6 6. Nge2 Bg4 7. d3 Nc6 8. Qa4 h6
9. Be3 Bxe3 10. fxe3 Nd7 11. d4 Bxe2 12. Nxe2 Qg5 13. Qa3 f5 14. O-O fxe4 15.
Bxe4 exd4 16. exd4 Nf6 17. Bf5 Kf7 18. d5 Ne5 19. Be6+ Ke7 20. Nf4 h5 21. Rae1
Nxc4 22. Bf5+ Ne5 23. Ng6+ Kf7 24. Nxh8+ Rxh8 25. Be6+ Ke7 26. Qc3 h4 27. Qxc7+
Ke8 28. Qc8+ Ke7 29. Qxb7+ Ke8 30. Rf5 Qg6 31. Rf4 hxg3 32. Qa8+ Ke7 33. Qxh8
gxh2+ 34. Kxh2 Nh7 35. Rf7+ Nxf7 36. Bh3+ Kf6 37. Re6+ Kg5 38. Qc8 Qh5 39. Qc1+
Kh4 40. Qf4+ 1-0

[Event "Challenge"]
[Site "http://www.queenalice.com/game.php?id=830341"]
[Date "2010.9.9"]
[Round "-"]
[White "paulorenter"]
[Black "Martial"]
[Result "1-0"]
[WhiteElo "1586"]
[BlackElo "1511"]

1. e4 e5 2. Nf3 Nc6 3. g3 Nf6 4. d3 Bc5 5. c3 Ng4 6. d4 Bb6 7. Ng5 d5 8. f3 Nf6
9. dxe5 Nxe5 10. Nd2 Be3 11. f4 Neg4 12. Nh3 dxe4 13. Be2 Nf2 14. Nxf2 Qe7 15.
Ndxe4 Bxf2+ 16. Nxf2 Bg4 17. Nd3 O-O-O 18. O-O h5 19. Bxg4+ hxg4 20. Re1 Qd6 21.
Nf2 Ne4 22. Qxg4+ Kb8 23. Nxe4 Qb6+ 24. Nf2 g6 25. Qe2 Rhe8 26. Qxe8 c5 27. Qe5+
Rd6 28. Ne4 c4+ 29. Be3 Qc7 30. Nxd6 f6 31. Qe8+ Qc8 32. Qxc8# 1-0

[Event "Let's Play Chess!"]
[Site "http://www.queenalice.com/game.php?id=837292"]
[Date "2010.9.24"]
[Round "-"]
[White "Piazzolero"]
[Black "paulorenter"]
[Result "1-0"]
[WhiteElo "1528"]
[BlackElo "1583"]

1. d4 d5 2. e3 Nf6 3. Bb5+ c6 4. Ba4 g6 5. Nf3 Bg7 6. O-O O-O 7. Nc3 Bf5 8. Ne1
Nbd7 9. Nd3 Ne4 10. f3 Nxc3 11. bxc3 Qa5 12. Nb2 Qxc3 13. Qe1 Qa3 14. Bb3 Qd6
15. e4 dxe4 16. fxe4 Bxd4+ 17. Kh1 Be6 18. c3 Bg7 19. Nc4 Qd3 20. Bb2 Nc5 21. e5
1-0